LEADER 01591nam 2200541Ia 450 001 9910451320403321 005 20200520144314.0 010 $a1-280-84746-8 010 $a9786610847464 010 $a1-84663-391-5 035 $a(CKB)1000000000337297 035 $a(SSID)ssj0000468911 035 $a(PQKBManifestationID)11284645 035 $a(PQKBTitleCode)TC0000468911 035 $a(PQKBWorkID)10507047 035 $a(PQKB)10646016 035 $a(MiAaPQ)EBC291591 035 $a(Au-PeEL)EBL291591 035 $a(CaPaEBR)ebr10172246 035 $a(CaONFJC)MIL84746 035 $a(OCoLC)182530391 035 $a(EXLCZ)991000000000337297 100 $a20000815d2007 uy 0 101 0 $aeng 135 $aurcn||||||||| 181 $ctxt 182 $cc 183 $acr 200 00$aRetail property$b[electronic resource] /$fguest editors Joseph T.L. Ooi and Muhammed Faishal Ibrahim 210 $aBradford, England $cEmerald Group Publishing$dc2007 215 $a110 p 225 0 $aJournal of Property Investment & Finance ;$v25, no. 2 300 $aBibliographic Level Mode of Issuance: Monograph 311 $a1-84663-390-7 606 $aReal property 606 $aBuilding leases 608 $aElectronic books. 615 0$aReal property. 615 0$aBuilding leases. 701 $aOoi$b Joseph T. L$0975438 701 $aIbrahim$b Muhammed Faishal$0975439 801 0$bMiAaPQ 801 1$bMiAaPQ 801 2$bMiAaPQ 906 $aBOOK 912 $a9910451320403321 996 $aRetail property$92221172 997 $aUNINA LEADER 01732nas 2200505 c 450 001 9910896207403321 005 20260218111653.0 024 7 $aurn:nbn:de:hbz:6-81629642984 024 7 $aurn:nbn:de:hebis:30:2-47932 035 $a(DE-599)ZDB2259568-5 035 $a(OCoLC)1368863566 035 $a(DE-101)982007035 035 $a(CKB)5580000000493199 035 $a(DE-599)2259568-5 035 $a(EXLCZ)995580000000493199 100 $a20061121b18211823 |y | 101 0 $ager 135 $aur||||||||||| 181 $ctxt$2rdacontent 182 $cc$2rdamedia 183 $acr$2rdacarrier 200 00$aTaschenbuch fu?r Schauspieler und Schauspielfreunde$efu?r das Jahr ..$fhrsg. von Lembert 210 31$aWien$cTendler & Manstein$d1821-1823 215 $aOnline-Ressource 300 $aGesehen am 18.07.13 606 $aTheater$3(DE-588)4059702-7$3https://d-nb.info/gnd/4059702-7$3(DE-101)040597024$9rswk-swf$2gnd 606 $aLiteratur$3(DE-588)4035964-5$3https://d-nb.info/gnd/4035964-5$3(DE-101)040359646$9rswk-swf$2gnd 606 $aTheaterschaffender$3(DE-588)4185043-9$3https://d-nb.info/gnd/4185043-9$3(DE-101)041850432$9rswk-swf$2gnd 608 $aZeitschrift$2gnd-content 608 $aBiografie$2gnd-content 608 $aZeitschrift$9rswk-swf$2gnd 608 $aOnline-Publikation$9rswk-swf$2gnd 608 $aBiographie$9rswk-swf$2gnd 615 7$aTheater. 615 7$aLiteratur. 615 7$aTheaterschaffender. 676 $a792 686 $aTHEATER$qDE-30$2fid 801 0$b0006 801 1$bDE-101 801 2$b9999 906 $aJOURNAL 912 $a9910896207403321 996 $aTaschenbuch für Schauspieler und Schauspielfreunde$92074885 997 $aUNINA